| 000 | 00543nam a22001697a 4500 | ||
|---|---|---|---|
| 999 |
_c190663 _d190663 |
||
| 005 | 20220802113940.0 | ||
| 010 | _aENG-134152 | ||
| 020 |
_a9788173731074 _c200.00 |
||
| 035 | _aEN-117684 | ||
| 037 | _bDBAB/PUB | ||
| 082 | _a230 | ||
| 245 |
_aThe Ramayan And Other Oral Narratives of the Kunknas/ _cTranslated by Avaneesh Bhatt |
||
| 260 |
_aMysore _bCentral Institute of Indian Languages _c2012 |
||
| 270 |
_aManasagangotri, P.O. Hunsur Road _bMysore _e570006 |
||
| 300 |
_a174p. _c22cm(pbk) |
||
| 942 |
_2ddc _cEN _h230 _mRAM |
||